Zmiany relacji cen w swietle badan empirycznych

Gespeichert in:
Bibliographische Detailangaben
Format: Buch
Sprache:Polnisch
Englisch
Veröffentlicht: Lódz Wydawnictwo Uniwersytetu Lódzkiego 1992
Ausgabe:1. wyd.
Schriftenreihe:Folia Oeconomica 120
Schlagworte:
Tags: Tag hinzufügen
Keine Tags, Fügen Sie das erste Tag hinzu!

MARC

LEADER 00000nam a2200000 4500
001 c014156
005 20221206083723.9
041 0 |a pol 
041 0 |a eng 
044 |a PL 
245 1 0 |a Zmiany relacji cen w swietle badan empirycznych 
250 |a 1. wyd. 
264 1 |a Lódz  |b Wydawnictwo Uniwersytetu Lódzkiego  |c 1992 
300 |a 118 s. 
490 1 |a Folia Oeconomica  |v 120 
830 0 |a Folia Oeconomica  |v 120 
610 2 0 |a ceny 
610 2 0 |a relácie cenové 
610 2 0 |a výskum 
610 2 0 |a suroviny prírodné 
610 2 0 |a potraviny 
610 2 0 |a podnik 
610 2 0 |a tovar spotrebný